Statistics for Biggest Cities in the European Union

Click here to take the quiz!

General Stats

  • This quiz has been taken 85 times
  • The average score is 35 of 42

Answer Stats

Population City % Correct
11,400,000Paris
100%
4,750,000Berlin
99%
6,450,000Madrid
98%
2,275,000Munich
98%
4,725,000Barcelona
96%
3,575,000Rome
96%
2,450,000Amsterdam
96%
2,200,000Stockholm
95%
2,325,000Warsaw
95%
2,600,000Budapest
94%
2,050,000Brussels
94%
2,875,000Hamburg
93%
2,550,000Lisbon
93%
3,275,000Frankfurt am Main
93%
2,250,000Vienna
93%
5,200,000Milan
93%
1,290,000Helsinki
91%
3,350,000Athens
90%
4,225,000Naples
90%
2,200,000Bucharest
90%
1,990,000Lyon
90%
1,660,000Marseille
90%
1,670,000Copenhagen
89%
3,225,000Rotterdam
88%
5,000,000Cologne/Düsseldorf
84%
1,430,000Prague
84%
1,640,000Turin
83%
1,370,000Dublin
80%
1,150,000Porto
80%
1,770,000Valencia
79%
1,300,000Sofia
79%
1,320,000Seville
78%
2,425,000Stuttgart
70%
1,040,000Toulouse
70%
1,060,000Bordeaux
67%
1,040,000Antwerp
64%
1,210,000Nuremberg
56%
1,010,000Málaga
56%
1,300,000Lille
52%
1,150,000Hanover
52%
1,010,000Bremen
46%
1,580,000Mannheim
31%

Score Distribution

Percentile by Number Answered

Percent of People with Each Score

Your Score History

You have not taken this quiz